000 01319nam a2200337Ia 4500
001 ebr10279078
003 CaPaEBR
006 m u
007 cr cn|||||||||
008 870820s1988 nyu sb 001 0 eng d
010 _z 87025032
020 _z0195041844
020 _z9780195041842
040 _aCaPaEBR
_cCaPaEBR
035 _a(OCoLC)252584355
050 1 4 _aJX4084.F34
_bG87 1988eb
100 1 _aGustafson, Lowell S.
245 1 4 _aThe sovereignty dispute over the Falkland (Malvinas) Islands
_h[electronic resource] /
_cLowell S. Gustafson.
260 _aNew York :
_bOxford University Press,
_c1988.
300 _axiii, 268 p.
500 _aIncludes index.
504 _aBibliography: p. [237]-259.
533 _aElectronic reproduction.
_bPalo Alto, Calif. :
_cebrary,
_d2009.
_nAvailable via World Wide Web.
_nAccess may be limited to ebrary affiliated libraries.
650 0 _aFalkland Islands War, 1982.
651 0 _aFalkland Islands
_xInternational status.
651 0 _aArgentina
_xForeign relations
_zGreat Britain.
651 0 _aGreat Britain
_xForeign relations
_zArgentina.
655 7 _aElectronic books.
_2local
710 2 _aebrary, Inc.
856 4 0 _uhttp://site.ebrary.com/lib/rucke/Doc?id=10279078
_zAn electronic book accessible through the World Wide Web; click to view
999 _c4428
_d4428